000 00585cam a2200217 i 4500
001 2678820
005 20180222040815.0
008 750123s1974 nyu b 001 0 eng
010 _a 74021267
020 _a0873320409
040 _aDLC
_cDLC
_dDLC
041 _aeng
080 _a330.15 SHAR
082 0 0 _a330.15 SHAR
100 1 _a52
101 _aEKO
245 1 0 _aJohn Kenneth Galbraith and the lower economics /
_cMyron E. Sharpe.
504 _aIncludes bibliographical references and index.
906 _a7
_bcbc
_corignew
_d2
_eocip
_f19
_gy-gencatlg
942 _2ddc
_cBK
999 _c43137
_d43137